| 000 | 00397nam a22001337a 4500 | ||
|---|---|---|---|
| 040 | _cNUST | ||
| 082 | _a200 THE | ||
| 100 |
_aMehwish Hassan _991244 |
||
| 110 |
_aDr. Ghalib A.Shah _991245 |
||
| 245 | _aTH-SOF-0641-A Reliable Event Response Framework For Wireless Sensor And Actor Networks | ||
| 260 |
_aISLAMABAD: _bNUST COLLEGE OF EME. _c2010. |
||
| 650 |
_aMS-CSE-7 _991246 |
||
| 942 |
_2ddc _cTHE |
||
| 999 |
_c589421 _d589421 |
||